000 00785nam a2200157 a 4500
008 101015s1992 ||||||||||||||||| || u
050 _aCTA(02)
110 _aTechnical Centre for Agricultural and Rural Cooperation (CTA)
245 1 0 _aExtension strategies for the control of the larger grain borer: 23-24 October 1991, CTA Ede, The Netherlands
_cTechnical Centre for agricultural and Rural cooperation
260 _aUnited Kingdom
_bTechnical Centre for Agricultural and Rural Cooperation
_c1992
300 _aiii, 19p.
350 _a0.00
650 _aGRAIN--POSTHARVEST TECHNOLOGY--AFRICA
650 _aGRAIN--BORER
995 _D0.00
_FCBU-MAIN LIBRARY (Kitwe)
_H1
_I0.00
_M1
_UAVAILABLE
_WNov 1, 2010
_ZInternational Publications
999 _c43007
_d43007